| 000 | 01527nam a2200409 a 4500 | ||
|---|---|---|---|
| 005 | 20240702092829.0 | ||
| 008 | 100510t1973||||sp a . f |||| 001 0 spa d | ||
| 041 | _aspa | ||
| 092 |
_c611 _l82 _sTES |
||
| 100 | 1 |
_aTestut, L. _9145 |
|
| 245 |
_aTratado de Anatomía Humana. _bT.2 Angiología. Sistema Nervioso Central / _cL. Testut |
||
| 250 |
_a9a ed. revisada, corregida y aumentada _bDibujos de G. Devy y S. Dupret |
||
| 260 |
_aBarcelona: _bSalvat; _c1973. |
||
| 300 |
_a1237 p. _b1074 grabados, varios en color. |
||
| 500 | _aTestut, L. y Latarjet, A. (1973). Tratado de anatomía humana. T.2 Angiología. Sistema Nervioso Central. (9a ed.). Barcelona : Salvat. | ||
| 653 | _aAngiología | ||
| 653 | _aCorazón | ||
| 653 | _aPericardio | ||
| 653 | _aArterias | ||
| 653 | _aSistema de la arteria pulmonar | ||
| 653 | _aSistema de la arteria aorta | ||
| 653 | _aVenas | ||
| 653 | _aVenas pulmonares (venas correspondientes a la arteria pulmonar) | ||
| 653 | _aVenas aórticas (venas correspondientes a la arteria aorta) | ||
| 653 | _aLinfaticos | ||
| 653 | _aConductos colectores linfáticos | ||
| 653 | _aLinfáticos y grupos ganglionares | ||
| 653 | _aSistema Nervioso Central | ||
| 653 | _aBulbo raquideo | ||
| 653 | _aProtuberancia anular | ||
| 653 | _aCerebelo | ||
| 653 | _aVentrículo bulbocerebeloso o cuarto ventrículo | ||
| 653 | _aPedúnculos cerebrales. Túberculos cuadrigéminos y acueducto de Silvio | ||
| 653 | _aCerebro | ||
| 700 | 1 |
_aLatarjet, A. _9146 |
|
| 942 |
_2ddc _cBK |
||
| 999 |
_c2421 _d2421 |
||